| 000 | 00344nam a22001457a 4500 | ||
|---|---|---|---|
| 003 | SGT | ||
| 020 | _a9788131301258 | ||
| 082 | _a341.762,BHA | ||
| 100 | _aBHATT,S. | ||
| 245 | _aINTERNATIONAL ENVIRONMENTAL LAW | ||
| 260 |
_aNEW DELHI _bA.P.H. PUBLISHING CORPORATION _c2007 |
||
| 300 | _a288 | ||
| 650 | _a ENVIRONMENTAL LAW | ||
| 942 |
_2ddc _cBK |
||
| 999 |
_c10426 _d10426 |
||